Normal view
MARC view
Entry Personal Name
001 - CONTROL NUMBER
- control field: 44895
003 - CONTROL NUMBER IDENTIFIER
- control field: ARRUPE
005 - DATE AND TIME OF LATEST TRANSACTION
- control field: 20190228121055.0
008 - FIXED-LENGTH DATA ELEMENTS
- fixed length control field: 190228|| aca||aabn | a|a d
040 ## - CATALOGING SOURCE
- Original cataloging agency: ARRUPE
- Transcribing agency: ARRUPE
100 ## - HEADING--PERSONAL NAME
- Personal name: Gifford, Paul
670 ## - SOURCE DATA FOUND
- Source citation: Work cat.: (ARRUPE): Gifford, Paul, Christianity, development and modenity in Africa, 2015